000 00358nam a2200133Ia 4500
008 220217s9999||||xx |||||||||||||| ||und||
020 _a81-85095-73-6
082 _a539 MAN
100 _aMani.H. S Mehta.G.K
245 0 _aIntroduction to modern physics
260 _aAffiliated east-west press
_bNew Delhi
_c1998
300 _b145
650 _aPHYSICS
999 _c165074
_d165074